000 01602cam a22004214i 4500
003 PE-LiUPU
005 20250731183335.0
008 140619s2003 mx f 01 spa
020 _a9682467705
035 _a(Sirsi) i9789682467707
040 _aPE-LiUPU
_bspa
_cPE-LiUPU
_erda
049 _aPRUA
082 0 4 _a747.3
_bM2
245 0 0 _aManual de ventana :
_buna guía paso a paso /
_cLuis Lesur, coordinador.
264 1 _aMéxico :
_bTrillas,
_c2003
300 _a80 páginas :
_bilustraciones ;
_c27 centímetros.
336 _atext
_2rdacontent
337 _aunmediated
_2rdamedia
338 _avolume
_2rdacarrier
490 0 _aCómo hacer bien y facilmente
505 0 _aPartes de las ventanas y tipos -- Elección de las ventanas -- Materiales y construcción -- Vidrios y cristales -- Instalación -- Mantenimiento.
526 _aP158
526 _aP146
526 _aP17
526 _aP12
526 _aP06
650 1 4 _aCarpintería
_vManuales.
650 1 4 _aDecoración de interiores.
650 1 4 _aVentanas.
700 1 _aLesur, Luis,
_ecoordinador.
910 _agl
_clch
_d20131217
942 _2ddc
_cBOOK
949 _a747.3 M2
_wDEWEY
_c1
_i69714
_lCCODEBUL1
_mBUL
_p22.00
_r0
_sY
_tBOOK
_u2015-7-6
_xINGENIERIA
_PP06
_0COMPRA
_o.STAFF. Colección General
994 _aC0
_bPEPRU
596 _a1
999 _a747.3 M2
_wDEWEY
_c6101
_i69714
_f2021-11-10
_g7
_lCCODEBUL1
_mBUL
_p22.00
_r0
_sY
_tBOOK
_u2015-7-6
_xINGENIERIA
_PP06
_0COMPRA
_o.STAFF. Colección General
_d6101
980 _81
_gALBERTO SANCHEZ Responsable de Automatización